Регионална библиотека "Любен Каравелов" - Русе

Намотки (Запис номер 11795)

MARC детайли
000 -Лидер
Контролно поле с фиксирана дължина 01436nam a2200349 c 4500
003 - Код на организацията, давaща контролен номер
Контролно поле BLK
005 - Дата и час на последна редакция
Контролно поле 20231103005318.0
008 - Елементи от данни с фиксирана дължина
fixed length control field 180412b bul|||||r ||||||| ||bul||
010 ## - Наследен системен номер
LC control number KNG00013356000
040 ## - Източник на каталожния запис
Идентификатор на билиотеката - собственик на записа BLK
041 ## - Код за език
Код за езика на текст/звукозапис или на отделно заглавие Български
Код за езика КДБФ Български
080 ## - УДК
Текстов определител УДК Американска литература (на САЩ)
УДК код - определител по УДК 821.111(73)
УДК определител -312.9
УДК - код + определител 821.111(73)-312.9
100 ## - Редна дума - Автор
Автор Зелазни, Роджър
Пълна форма на името Зелазни, Роджър Джоузеф Кристофър
Дати, свързани с автора 1937-1995
Авторска отговорност първи автор
R(LIN) 242836
139 ## - Редно поле
Редна дума Зелазни, Роджър и др.
Авторски знак Зел - З 52
245 10 - Сведения за заглавието
Заглавие Намотки
Подзаглавни данни Роман
Редно поле (дума) Роджър Зелазни; съавт. Фред Томас Саберхаген; прев. от англ. Валентин Кръстев.
257 ## - Страна на издаване
Страна на създаване/издаване Съединени американски щати
260 ## - Област на издателските данни
-- София
Име на издателя, разпространителя и проч. Мега
Година на издаване 1996
300 ## - Физическа характеристика
Страници 208 с.
Размери/Мащаб 20 см
380 ## - Жанр
Жанр Худож. лит.
490 1# - СЕРИИ (Колекции)
Име на серия Мегафантастика
500 ## - Общи забележки
Забележка Ориг. загл. Coils / Roger Zelazny, Fred Saberhagen. - 3 000 тир.
653 ## - Ключова дума – ненормативна
Ключова дума фантастика
653 ## - Ключова дума – ненормативна
Ключова дума романи
700 1# - Други автори (авторска отговорност)
Лично име Саберхаген, Фред Томас
Автороска отговорност (Описва отношението между автора и произведението) съавт.
9 (RLIN) 118071
700 1# - Други автори (авторска отговорност)
Лично име Кръстев, Валентин
Автороска отговорност (Описва отношението между автора и произведението) прев. от англ.
9 (RLIN) 363643
852 ## - Местоположение
Форматна сигнатура Цб 189604
856 4# - Електронен адрес и достъп
Електронен формат pdf - файл
Път до файла /url/
856 4# - Електронен адрес и достъп
Електронен формат pdf - файл
Път до файла /url/
942 ## - АРТИКУЛИ
Вид на библиотечния материал Книги
Скрит в OPAC Не
944 ## - СЪЗДАВАНЕ И РЕДАКЦИЯ на ЗАПИСА
Създаване/Редакция Създаване
Дата на регистрацията/редакция 15.01.2003
Статус, дата на статуса CRON CRON
Служител, извършил регистрацията/редакцията
944 ## - СЪЗДАВАНЕ И РЕДАКЦИЯ на ЗАПИСА
Създаване/Редакция Редакция
Дата на регистрацията/редакция 19.06.2013
Статус, дата на статуса ф /
Служител, извършил регистрацията/редакцията
999 ## - СИСТЕМНИ КОНТРОЛНИ НОМЕРА
Koha biblionumber 11795
Koha biblioitemnumber 11795
Наличности
Код за отписване Код за изгубен артикул Източник на класификационната схема Код за повреда Коз за рестрикции Код за отдаване Артикулен № Име на библиотеката - собственик Име на библиотеката, в която се намира в момента Статус (Текущо местоположение) Дата на вписване в системата Местоположение - отдел Цена в лева Инвентарен номер Систематично азбучна сигнатура Баркод Номер на екземпляра Цена в евро Служебна бележка Служебен тип на артикула
  Не е изгубен Universal Decimal Classification Не е повреден без рестрикции ползва се в читалня 20464 Регионална библиотека "Любен Каравелов" Русе Регионална библиотека "Любен Каравелов" Русе Хранилище 2001-01-01 Хранилище 1.20 625466 Цб 189604 120000625466 1 0.61 Дост: Dp Вид: Д N: стар фонд Дата: 01.01.1996 Книги
  Не е изгубен   Не е повреден без рестрикции заемане за дома 20465 Регионална библиотека "Любен Каравелов" Русе Регионална библиотека "Любен Каравелов" Русе Заемна - подръчен фонд 2013-06-04 Заемна - подръчен фонд 1.20 120000766430 П 820(73)-31/З 52 120000766430 2 0.61 Дост: DA Вид: А N: 9 Дата: 01.06.2013 Дата инв: 14.02.2018 Бележки инв: П2018 Книги
Vip Innovations Ltd, Rousse, Bulgaria 2025